| 000 | 00875cam a2200217 4500 | ||
|---|---|---|---|
| 001 | WB3636-04 | ||
| 008 | 000000n2000 000 0 eng u | ||
| 035 | _a(Sirsi) u108343 | ||
| 245 | _aSubcontract is fair | ||
| 260 | _c2000 | ||
| 490 |
_aContract Journal _v405 (6294) 13 September 2000, 1(1) |
||
| 520 | _aOutlines the government's swift response to criticism of its new GC/Works/1 standard form of subcontract. The government argues the document is fair to all parties, takes full account of the recommendations of the Latham report, and complies fully with the Construction Act. | ||
| 590 | _aWB | ||
| 650 | _aGC/WORKS/1 | ||
| 650 | _aSTANDARD FORMS OF SUBCONTRACT | ||
| 650 | _aPACE | ||
| 650 | _aHOUSING GRANTS, CONSTRUCTION AND REGENERATION ACT 1996 | ||
| 650 | _aGOVERNMENT POLICY | ||
| 690 | _aBUILT ENVIRONMENT-BUILDING CONTRACT FORMS | ||
| 942 | _n0 | ||
| 999 |
_c64682 _d64682 |
||